States of Sudan Quiz - Statistics

General Stats
  • This quiz has been taken 38 times
  • The average score is 13 of 18
Answer Stats
Province State % Correct
Sennar Khartoum
95%
Darfur North Darfur
86%
Merowe Northern
86%
Darfur South Darfur
86%
Darfur East Darfur
81%
Darfur West Darfur
81%
Sennar Blue Nile
76%
Darfur Central Darfur
76%
Eastern Sudan Red Sea
76%
Merowe River Nile
76%
Sennar White Nile
76%
Eastern Sudan Kassala
71%
Kordofan South Kordofan
71%
Kordofan North Kordofan
67%
Sennar Sennar
62%
Kordofan West Kordofan
62%
Sennar Al Jazirah
52%
Eastern Sudan Al Qadarif
38%
No matching quizzes found
Score Distribution
Percent of People with Each Score
Percentile by Number Answered
Your Score History
You have not taken this quiz